000 00484nam a2200193Ia 4500
003 OSt
005 20230628144248.0
008 210423s9999 xx 000 0 und d
040 _cAL
041 _aeng
082 _a170
_223
_bABED
100 _aABEL (M);others
_9113715
245 _aDevelopment of personality.
260 _bAll India Publishers and Distributors
_aBangalore
_c2002
365 _cINR
440 _v1
906 _aDevelopment ; personality
942 _2ddc
_cBK
999 _c173162
_d173162